Honduras : Debt Sustainability Analysis 2006.

In the IMF staff's view, Honduras's debt is subject to a moderate risk of distress. The framework follows a methodology for assessing the risk of debt distress in low-income countries (LICs), guided by indicative, country-specific external debt burden thresholds derived from the empirical...

Descrizione completa

Dettagli Bibliografici
Ente Autore: International Monetary Fund
Natura: Periodico
Lingua:English
Pubblicazione: Washington, D.C. : International Monetary Fund, 2006.
Serie:IMF Staff Country Reports; Country Report ; No. 2006/442
Accesso online:Full text available on IMF
LEADER 01668cas a2200241 a 4500
001 AALejournalIMF004665
008 230101c9999 xx r poo 0 0eng d
020 |c 5.00 USD 
020 |z 9781451817195 
022 |a 1934-7685 
040 |a BD-DhAAL  |c BD-DhAAL 
110 2 |a International Monetary Fund. 
245 1 0 |a Honduras :   |b Debt Sustainability Analysis 2006. 
264 1 |a Washington, D.C. :  |b International Monetary Fund,  |c 2006. 
300 |a 1 online resource (18 pages) 
490 1 |a IMF Staff Country Reports 
500 |a <strong>Off-Campus Access:</strong> No User ID or Password Required 
500 |a <strong>On-Campus Access:</strong> No User ID or Password Required 
506 |a Electronic access restricted to authorized BRAC University faculty, staff and students 
520 3 |a In the IMF staff's view, Honduras's debt is subject to a moderate risk of distress. The framework follows a methodology for assessing the risk of debt distress in low-income countries (LICs), guided by indicative, country-specific external debt burden thresholds derived from the empirical finding that sustainable debt levels for LICs increase with the quality of policies and institutions. The debt sustainability analysis (DSA) is based on various assumptions. The evolution of the domestic debt has also improved. Two major exogenous factors and one policy assumption underlie the macroeconomic framework of the baseline scenario. 
538 |a Mode of access: Internet 
830 0 |a IMF Staff Country Reports; Country Report ;  |v No. 2006/442 
856 4 0 |z Full text available on IMF  |u http://elibrary.imf.org/view/journals/002/2006/442/002.2006.issue-442-en.xml  |z IMF e-Library